Tuyển tập các truyện ngắn nước ngoài

সংরক্ষণ করুন:
গ্রন্থ-পঞ্জীর বিবরন
প্রধান লেখক: Tuyển tập các truyện ngắn nước ngoài
বিন্যাস: গ্রন্থ
ভাষা:Undetermined
প্রকাশিত: Đồng Nai Nxb. Tổng hợp Đồng Nai 1995
বিষয়গুলি:
ট্যাগগুলো: ট্যাগ যুক্ত করুন
কোনো ট্যাগ নেই, প্রথমজন হিসাবে ট্যাগ করুন!
Thư viện lưu trữ: Trung tâm Học liệu Trường Đại học Cần Thơ
LEADER 00572nam a2200169Ia 4500
001 CTU_13784
008 210402s9999 xx 000 0 und d
082 |a 808.8301 
082 |b T527 
100 |a Tuyển tập các truyện ngắn nước ngoài 
245 0 |a Tuyển tập các truyện ngắn nước ngoài 
260 |a Đồng Nai 
260 |b Nxb. Tổng hợp Đồng Nai 
260 |c 1995 
650 |a short stories 
904 |i Nguyễn Quang Điền, 961212 
980 |a Trung tâm Học liệu Trường Đại học Cần Thơ